Những phạm trù mỹ học cơ bản Lưu hành trong trường Đại học
Gespeichert in:
| 1. Verfasser: | |
|---|---|
| Format: | Buch |
| Sprache: | Undetermined |
| Veröffentlicht: |
Hà Nội
Trường Đại học Tổng hợp Hà Nội
1974
|
| Schlagworte: | |
| Tags: |
Tag hinzufügen
Keine Tags, Fügen Sie den ersten Tag hinzu!
|
| Thư viện lưu trữ: | Trung tâm Học liệu Trường Đại học Cần Thơ |
|---|
| LEADER | 00592nam a2200181Ia 4500 | ||
|---|---|---|---|
| 001 | CTU_5215 | ||
| 008 | 210402s9999 xx 000 0 und d | ||
| 082 | |a 111.85 | ||
| 082 | |b B731 | ||
| 100 | |a Iu B Borev | ||
| 245 | 0 | |a Những phạm trù mỹ học cơ bản | |
| 245 | 0 | |b Lưu hành trong trường Đại học | |
| 245 | 0 | |c Iu B Borev; Dịch giả: Hoàng Xuân Nhị | |
| 260 | |a Hà Nội | ||
| 260 | |b Trường Đại học Tổng hợp Hà Nội | ||
| 260 | |c 1974 | ||
| 650 | |a aesthetics,art | ||
| 980 | |a Trung tâm Học liệu Trường Đại học Cần Thơ | ||